000 00423nam a2200145Ia 4500
008 231129s1989||||xx |||||||||||||| ||spa||
020 _a84-303-1019-3 (V.1
040 _bspa
082 _aR 463.1 ó77t
100 _aOrtega Cavero David
245 0 _aGran sopena de sinónimos y asociación de ideas
260 _c1989
264 _aBarcelona España : Ramon Sopena
942 _2ddc
_cBKS
999 _c14624
_d14624